[Event "Frankfurt-ch"]
[Site "Frankfurt"]
[Date "2009.06.15"]
[Round "5"]
[White "Wilhelm, Andreas"]
[Black "Froehlich Dill, Astrid"]
[Result "0-1"]
[WhiteElo "2024"]
[BlackElo "1976"]
[PlyCount "114"]
[EventDate "2009.04.27"]
[EventType "tourn"]
[EventRounds "7"]
[EventCountry "GER"]
[SourceTitle "EXT 2010"]
[Source "ChessBase"]
[SourceDate "2010.11.25"]
[SourceVersion "1"]
[SourceVersionDate "2010.11.25"]
[SourceQuality "1"]

1. e4 c5 2. Nc3 Nc6 3. g4 e6 4. Bg2 g6 5. d3 Bg7 6. Nge2 d6 7. Be3 Nd4 8. Qd2 Qa5 9. Bxd4 cxd4 10. Nb1 Qb6 11. b3 Bd7 12. Na3 Rc8 13. Nc4 Qc7 14. Qb4 Bf8 15. e5 dxe5 16. Qxb7 Qxb7 17. Bxb7 Rc7 18. Bg2 Bg7 19. g5 Ne7 20. Nd6+ Kf8 21. 0-0-0 Nd5 22. a3 Ke7 23. Nc4 h5 24. h4 f6 25. Kb1 fxg5 26. hxg5 Rf8 27. Be4 Rxf2 28. Rde1 Rxe2 29. Rxe2 Nc3+ 30. Kb2 Nxe2 31. Bxg6 Nf4 32. Bxh5 Nxh5 33. Rxh5 Be8 34. Rh7 Kd8 35. Nd6 Bg6 36. Rh2 Rd7 37. Ne4 Rf7 38. b4 Ke7 39. Kb3 Bxe4 40. dxe4 Rf4 41. Re2 Rg4 42. Kc4 Kd7 43. a4 Kc7 44. c3 Rxg5 45. Rf2 Rg3 46. Rf7+ Kd8 47. cxd4 exd4 48. Kc5 e5 49. b5 d3 50. Rf1 d2 51. Rd1 Rd3 52. a5 Kc7 53. Kc4 Rd4+ 54. Kc3 Bh6 55. b6+ axb6 56. axb6+ Kxb6 57. Kc2 Rxe4 0-1

[Event "Frankfurt-ch"]
[Site "Frankfurt"]
[Date "2008.05.26"]
[Round "4"]
[White "Wilhelm, Andreas"]
[Black "Nagel, Norbert"]
[Result "1/2-1/2"]
[WhiteElo "2022"]
[BlackElo "1708"]
[PlyCount "106"]
[EventDate "2008.04.28"]
[EventType "swiss"]
[EventRounds "7"]
[EventCountry "GER"]
[SourceTitle "EXT 2009"]
[Source "ChessBase"]
[SourceDate "2008.11.26"]
[SourceVersion "1"]
[SourceVersionDate "2008.11.26"]
[SourceQuality "1"]

1. e4 d5 2. exd5 Qxd5 3. Nc3 Qa5 4. d4 c6 5. Nf3 Bf5 6. Bd2 e6 7. Bc4 Nf6 8. 0-0 Qc7 9. Re1 Bd6 10. Ne5 Nbd7 11. Bf4 Nb6 12. Bd3 Bxd3 13. Qxd3 0-0-0 14. Qe2 Rhe8 15. Bg3 Qe7 16. Ne4 Nxe4 17. Qxe4 f6 18. Nf3 Bxg3 19. hxg3 h5 20. a4 f5 21. Qf4 Nd5 22. Qe5 g5 23. c3 h4 24. c4 Nb4 25. Red1 hxg3 26. Qxg3 g4 27. Ne1 Qd6 28. Qxd6 Rxd6 29. Rd2 c5 30. Rad1 Red8 31. d5 exd5 32. cxd5 Rxd5 33. Rxd5 Rxd5 34. Rxd5 Nxd5 35. Kh2 Kd7 36. Kg3 a6 37. Nd3 Kd6 38. f3 c4 39. Ne1 gxf3 40. Kxf3 Nb6 41. Kf4 Ke6 42. a5 Na4 43. Nc2 Nxb2 44. Nd4+ Kf6 45. Nxf5 c3 46. Ne3 Ke6 47. Ke4 Nc4 48. Kd3 Nxe3 49. Kxe3 Kd5 50. Kd3 Kc5 51. Kxc3 b6 52. axb6 Kxb6 53. g4 Kc5 1/2-1/2